00417nam a2200133Ia 4500008004100000041001200041100001500053245004500068260000600113650000700119942000700126999001700133952013300150221030s9999 xx 000 0 und d aEnglish aA. Kinicki 0aOrganisational Behaviourcby A. Kinicki c0 aMb cBK c14142d14142 pMB 816l0r2022-10-30 00:00:00w2022-10-30yBK003Print4070aMIETLIBbMIETLIBcBL-, FL-, CUP-0, SH-0, R-0d2012-12-0610HMBA